Código civil español / (Record no. 44453)

MARC details
000 -LEADER
campo de control de longitud fija 00702nam a2200193 i 4500
001 - NÚMERO DE CONTROL
campo de control 44453
003 - IDENTIFICADOR DE NÚMERO DE CONTROL
campo de control ES-MaACL
005 - FECHA Y HORA DE LA ÚLTIMA TRANSACCIÓN
campo de control 20250909180542.0
007 - CAMPO FIJO DE DESCRIPCIÓN FÍSICA--INFORMACIÓN GENERAL
campo de control de longitud fija t|
008 - DATOS DE LONGITUD FIJA--INFORMACIÓN GENERAL
campo de control de longitud fija 030321s1888 sp ||||1| spa d
245 00 - MENCIÓN DEL TÍTULO
Título Código civil español /
Mención de responsabilidad, etc. ilustrado con notas, concordancias, motivos y comentarios por Modesto Falcón y seguido de un estudio crítico del código por Vicente Romero Girón.
260 ## - PUBLICACIÓN, DISTRIBUCIÓN, ETC.
Lugar de publicación, distribución, etc. Madrid :
Nombre del editor, distribuidor, etc. Góngora,
Fecha de publicación, distribución, etc. 1888.
300 ## - DESCRIPCIÓN FÍSICA
Extensión 5 v. ;
Dimensiones 22 cm.
610 14 - PUNTO DE ACCESO ADICIONAL DE MATERIA--NOMBRE DE ENTIDAD CORPORATIVA
Nombre de entidad corporativa o nombre de jurisdicción como elemento de entrada España.
Título de la obra Código civil, 1889
9 (RLIN) 3628
700 1# - ENTRADA AGREGADA--NOMBRE PERSONAL
Nombre de persona Falcón, Modesto,
Fechas asociadas al nombre 1828-1902
9 (RLIN) 48708
700 1# - ENTRADA AGREGADA--NOMBRE PERSONAL
Nombre de persona Romero Girón, Vicente,
Fechas asociadas al nombre 1835-1900
9 (RLIN) 99395
852 ## - LOCALIZACIÓN
Ubicación ES-MaACL
Número de control de estantería F-14287-91
Holdings
Estatus retirado Estado de pérdida Estado de daño No para préstamo Colección Biblioteca de origen Biblioteca actual Ubicación en estantería Fecha de adquisición Fuente de adquisición Total de préstamos Signatura topográfica completa Código de barras Visto por última vez Precio de reemplazo Tipo de ítem Koha
        Libros del s. XIX Biblioteca del Ateneo de Madrid Biblioteca del Ateneo de Madrid Sala Pecera Planta 2 17/01/2008     F-14287-91 1046782 23/02/2023 23/02/2023 Libro impreso antiguo